Sherlock time /

Guardado en:
Autor Principal: Oesterheld, Héctor Germán
Otros Autores: Breccia, Alberto; il.
Formato: Libro
Publicado: Buenos Aires : Colihue, 2014
Series:Narrativa Dibujada . Enedé serie del Aventurador
Materias:
Etiquetas: Agregar Etiqueta
Sin Etiquetas, Sea el primero en etiquetar este registro!
LEADER 01008nam a22002775a 4500
001 CEM.cems015162
005 20191002160327.0
008 130507s2014##################000#0#####d
003 CEMS
020 |a 9789876848466 
082 0 4 |a A868.4 
100 1 |a Oesterheld, Héctor Germán 
245 1 0 |a Sherlock time /  |c Héctor Germán Oesterheld ; ilustrado Por Alberto Breccia 
260 |a Buenos Aires :  |b Colihue,  |c 2014 
300 |a 184 p. 
490 0 |a Narrativa Dibujada . Enedé serie del Aventurador 
505 0 |a La gota -- El ídolo -- Superaraña -- El Uko -- "El viuda" -- La trampa -- Un cuento -- El tranvía -- Un crimen -- Tres ojos -- El sacrificio 
653 |a Literatura 
653 |a Literatura argentina 
653 |a Literatura infantil 
653 |a Cuentos infantiles 
653 |a Colección ciencias de la educación 
653 |a Novela gráfica 
653 |a Historieta 
700 1 |a Breccia, Alberto; il. 
859 |a CEMS  |b BIB. CEMS - Ccias. Educacion  |h A868.4  |i Oe8-1  |k CE  |p 28231.19  |t Ej.1